000 01251cam a2200385 i 4500
001 17974556
003 OSt
005 20220901111913.0
008 131216s2014 stka bd 000 0 eng
010 _a 2013049733
020 _a9780702053283 (pbk.)
020 _a9780702053290 (international)
035 _a(DNLM)101622141
040 _aDNLM/DLC
_cLC
_erda
_dDLC
042 _apcc
050 0 0 _aRT21.B35
060 1 0 _aW 13
082 0 0 _a610.7303
_223
245 0 0 _aBaillière's nurses' dictionary: for nurses and health care workers. /
_c[edited by] Barbara F. Weller
246 1 _aNurses' dictionary
250 _a26th edition /
264 1 _aEdinburgh ;
_bBaillière Tindall Elsevier,
_c2014.
300 _axv, 601 p. :
_billustrations ;
_c15 cm
336 _atext
_2rdacontent
337 _aunmediated
_2rdamedia
338 _avolume
_2rdacarrier
504 _aIncludes bibliographical references.
505 _aContents: A-Z entries
650 1 2 _aMedicine
_vDictionary
_xEnglish.
_9306
650 2 2 _aNursing
_vDictionary
_xEnglish.
_9307
700 1 _aWeller, Barbara F.
_9308
906 _a7
_bcbc
_corignew
_d1
_eecip
_f20
_gy-gencatlg
942 _2lcc
_cBK
999 _c9189
_d16689